Diseño de un modelo para el desarrollo de un sistema de aseguramiento de calidad en el área administrativa de INCIENSA
Na minha lista:
| Autor principal: | |
|---|---|
| Outros Autores: | |
| Formato: | Livro |
| Publicado em: |
San José, C.R.
1999
|
| Assuntos: | |
| Tags: |
Adicionar Tag
Sem tags, seja o primeiro a adicionar uma tag!
|
MARC
| LEADER | 00000nam a2200000Ia 4500 | ||
|---|---|---|---|
| 003 | 010110 | ||
| 005 | 20221231144210.0 | ||
| 008 | 140114s1999 cr a m 000 ||s d | ||
| 040 | |c cru CEDI | ||
| 090 | |a TFG 4125 | ||
| 100 | |a Campos, Tatiana |9 8280 | ||
| 245 | |a Diseño de un modelo para el desarrollo de un sistema de aseguramiento de calidad en el área administrativa de INCIENSA | ||
| 260 | |c 1999 |a San José, C.R. | ||
| 300 | |a 2 volúmenes | ||
| 500 | |a Proyecto de graduación (licenciatura en ingenería industrial)--Universidad de Costa Rica. Facultad de Ingeniería. Escuela de Ingeniería Industrial | ||
| 650 | |x CONTROL DE CALIDAD |x SISTEMAS DE INFORMACION EN ADMINISTRACION |x ORGANIZACION ADMINISTRATIVA |9 8283 | ||
| 700 | |9 8282 |a Soto Boschini, María Carmela | ||
| 942 | |c TFG | ||
| 999 | |c 18328 |d 18328 | ||
